Mikroprocesory a mikropočítače

Bibliographic Details
Main Author: Dědina, Boris (Author)
Format: Book
Language:Undetermined
Published: Praha Státní nakladatelství technické literatury 1983

MARC

LEADER 00000nam a2200000 a 4500
001 vtls001313719
003 SK-MaSNL
005 20260301065427.0
008 240315s1983 xx 0 und
035 |a SNK000266144 
040 |a SNK  |b slo  |c SNK  |e AACR2 
100 1 |a Dědina, Boris  |4 aut  |9 64087 
245 1 |a Mikroprocesory a mikropočítače 
260 |a Praha  |b Státní nakladatelství technické literatury  |c 1983 
300 |a 303 s. 
958 |a OND 
999 |c 630708  |d 632638 
952 |t P60, <04>, [BOOK], {604}  |a SNK  |b SNK  |y VYP  |7 0  |p 17A0111089  |o snkIC 94941 D1  |0 0  |1 1  |4 0  |d 1997-12-08  |l 0  |r 2005-01-02 00:00:00  |w 2026-02-23 
952 |t P60, <04>, [BOOK], {604}  |a SNK  |b SNK  |y VYP  |7 0  |p 17A0126963  |o snkIC 94941  |0 0  |1 0  |4 0  |d 1998-02-26  |l 0  |r 2005-01-02 00:00:00  |w 2026-02-23